000 00944nam a2200265 a 4500
001 75127
003 BD-RjUL
005 20211209082642.0
008 170516m19671962enka 001 0 eng
035 _a(BD-RjUL)75345
040 _aDLC
_cDLC
_dDLC
_dOCoLC
_dBD-RjUL
_beng
041 _aeng
082 0 0 _a548.83
_223
_bINT 1967
245 1 0 _aInternational tables for X-ray crystallography /
_cNorman F.M. Henry and Kathleen Lonsdale
250 _a2nd.ed.
260 _aBirmingham :
_c1965
_bThe Kynoch Press ,
300 _av. :
_bill. ;
_c28 cm.
505 1 _tVol. 1 Symmetry groups -- -- v. 2. Mathematical tables V. 3 Physical and chemical tables
650 0 _aX-ray crystallography
_xTables.
_9213784
650 0 _aX-ray crystallography
_vDiffraction
_9227303
700 1 _aHenry, Norman F.M
_9227304
700 1 _aLonsdale, Kathleen,
_d1903-1971.
_9227305
710 2 _aInternational Union of Crystallography.
_9213787
942 _2ddc
_cBK
999 _c75127
_d75127